| 000 | 00521nam a2200157 4500 | ||
|---|---|---|---|
| 001 | 123489 | ||
| 003 | ES-MaACL | ||
| 005 | 20230906192200.0 | ||
| 007 | t| | ||
| 008 | 070214s1928 sp r ||||1| spa d | ||
| 100 | 1 |
_aRafols, Enrique. _994973 |
|
| 245 | 1 | 0 |
_aAlgunas notas históricas sobre el Castillo de Lavit (Castrum Vitae) en el Panadés / _cpor Enrique Rafols. |
| 260 |
_aBarcelona : _b[s. n.], _c1928 ( _fP. Yuste) |
||
| 300 |
_a55 p. : _bil. ; _c24 cm + _e2 gráf. pleg. |
||
| 852 |
_aES-MaACL _j1972-F-3 _bR.39407 |
||
| 999 |
_c123489 _d123489 |
||